Sports Quiz

Random Sports or Football Quiz

Previous Clubs of Manchester United Players Quiz Stats

 Plays Quiz not verified by Sporcle

Score 0/22 Timer 04:00
0 Plays Today
Player Team % Correct
Luke ShawSouthampton
97.6%
Juan MataChelsea
92.7%
Wayne RooneyEverton
92.7%
Robin Van PersieArsenal
91.1%
Angel Di MariaReal Madrid
90.2%
Marouane FellainiEverton
90.2%
Radamel FalcaoMonaco
88.6%
Daley BlindAjax
87.8%
Ashley YoungAston Villa
86.2%
David De GeaAtletico Madrid
85.4%
Phil JonesBlackburn Rovers
82.1%
Player Team % Correct
Michael CarrickTottenham Hotspur
81.3%
Wilfried ZahaCrystal Palace
78%
Chris SmallingFulham
77.2%
Antonio ValenciaWigan Athletic
62.6%
Ander HerreraAthletic Bilbao
61.8%
AndersonPorto
56.1%
Nick PowellCrewe Alexandra
40.7%
Javier HernándezGuadalajara
35%
Marcos RojosSporting CP
29.3%
NaniSporting CP
29.3%
Anders LindegaardAalesends
1.6%

You're not logged in!

Compare scores with friends on all Sporcle quizzes.
OR
Log In

Sporcle TV

Today on Sporcle TV


Watch our educational content, quiz creation guides, and fun videos on Sporcle TV.

Show Comments

Extras

Top Quizzes Today


Score Distribution

Your Account Isn't Verified!

In order to create a playlist on Sporcle, you need to verify the email address you used during registration. Go to your Sporcle Settings to finish the process.

Report this User

Report this user for behavior that violates our Community Guidelines.

Details: